Drapeaux régions d'Italie - Statistiques

Statistiques générales
  • Ce quiz a été pris 125 fois
  • Le résultat moyen est 12 sur 20
Statistiques - réponses
Par images Réponse % Correct
Calabria
96%
Sardinia
83%
Sicilia
83%
Toscana
77%
Lombardia
72%
Piemonte
72%
Puglia
66%
Molise
64%
Veneto
62%
Emilia Romagna
60%
Abbruzo
55%
Lazio
55%
Liguria
51%
Basilicata
47%
Marche
47%
Umbria
47%
Campania
43%
Valle d'Aosta
40%
Trentino-Alto Adige
34%
Friuli Venezia Giulia
23%
Aucun quiz correspondant
Distribution des résultats
% des personnes avec chaque résultat
Percentile par nombre de réponses
Votre historique - résultats
Vous n’avez pas pris ce quiz